1573 1028 1377 1076 1571 1406 1851 1915 1540 1352 1478 1246 1446 1776 1658 1346 1852 1316 1965 1555 1616 1503 1511 1991 1473 1688 1578 1180 1838 1604 1847 1726 1325 1928 1434 1825 1444 1517 1745 1005 1852 1169 1628 1453 1305 1961 1006 1850 1728 1622 1259 1212 1775 1659 1238 1738 1357 1518 1256 1450 1027 1713 1095 1366 1339 1985 1434 1302 1926 1728 1624 1253 1372 1966 1742 1189 1825 1804 1464 1744 1157 1401 1925 1801 1663 1014 1995 1266 1038 1995 1647 1550 1086 1393 1525 1352 1865 1274 1456 BCNSPRNW ULIB Ver.6.0+V

เปลี่ยนเป็นภาษาไทย

Change to English
 แสดงรายละเอียดบรรณานุกรม
  กลับหน้าหลัก

Brief Record : Get Marc (ISO 2709) : E-mail record : QR code < ปิดหน้าต่าง
LEADER : 00000nam 2200000uu 4500
001    13399111063
003     ULIB
008    110615s||||||||th 000 0 tha d
020    9741321708
050 04 BF335^bว321จ 2545
100 0  วราภรณ์ ตระกูลสฤษดิ์
245 10 จิตวิทยาการปรับตัว /^cวราภรณ์ ตระกูลสฤษดิ์
250    พิมพ์ครั้งที่ 2
260    กรุงเทพฯ :^bศูนย์ส่งเสริมวิชาการ,^c2545
300    272 หน้า :^bภาพประกอบ ;^c21 ซม.
650  7 การปรับตัว(จิตวิทยา)
650  7 ครอบครัว
650  7 สุขภาพจิต
945    ^p180^l0^i017010
995    ทศพร
999 ^a ใช้งานได้ทุกระบบ
รายการนี้ยังไม่มีแท็ก
คุณยังไม่ได้ล็อกอิน คุณสามารถมีกิจกรรมร่วมกับเว็บไซต์ได้ แต่ต้องล็อกอินก่อน ::
  ล็อกอิน

รายการสื่อสารสนเทศ

ลำดับที่ ประเภท เลขเรียก/บาร์โค้ด สถานที่ สถานะ
- ไม่พบข้อมูล -

รายการใกล้เคียง
    ผู้แต่ง [วราภรณ์ ตระกูลสฤษดิ์]

    หัวเรื่อง [การปรับตัว(จิตวิทยา)]
    หัวเรื่อง [ครอบครัว]
    หัวเรื่อง [สุขภาพจิต]

BibComment


ยังไม่เคยถูกคอมเมนท์

คอมเมนท์ทรัพยากรรายการนี้
  คอมเมนท์: จิตวิทยาการปรับตั..


 Copyright 2026. Bcnsprnw @Library